00969nam a2200229 a 450000100100000000500170001000800410002704000250006808200190009310000240011224500410013626000390017730000200021659000280023665000280026465000310029291000370032395201230036095201170048395201220060099900170072200004349220240412074302.0140319s2004 dr 000 p spa d aDO-SdBNPbspacBNPHU aRD861.5bC957L1 aCruz, Yaysa,97119010aLo que no te dejo ver /cYaysa Cruz. a[Santo Domingo :bs. n.,c[200-?]. a80 p. ;c22 cm. aInventariado, 2019 / DG 0aPoesía dominicana966 0aLiteratura dominicana.967 aValidado. Control de calidad MFF 0010718DSaGRbGRcHDd2014-03-19iLF1l0oRD861.5 C957Lp43492-30r2020-06-25te. 3w2020-06-25yLFDSZNo se presta 0010718PDaPDbPDcHDd2014-03-19iLF1l0oRD861.5 C957Lp43492-10r2020-06-25w2020-06-25yLFPDZNo se presta 0010718PDaPDbPDcHDd2014-03-19iLF1l0oRD861.5 C957Lp43492-20r2020-06-25te.2w2020-06-25yLFPDZNo se presta c42981d42981